Planeación de Instalaciones / James A. Tompkins, [et...al.] (Registro nro. 27723)
[ vista simple ]
| 000 -LÍDER | |
|---|---|
| fixed length control field | 00591nam a2200157 4500 |
| 020 ## - NÚMERO INTERNACIONAL NORMALIZADO PARA LIBROS | |
| ISBN | 978-607-481-503-0 |
| 050 ## - SIGNATURA TOPOGRAFICA DE LA BIBLIOTECA DEL CONGRESO (LC) | |
| Número de Clasificación | TS177 T85 2011 |
| 082 ## - NUMERO DE CLASIFICACION DECIMAL DEWEY | |
| Número de Clasificación | 658.5 T662p 2011 |
| 100 ## - ASIENTO PRINCIPAL--NOMBRE PERSONAL | |
| Nombre personal | Tompkins, James A. |
| 245 ## - TÍTULO | |
| Título | Planeación de Instalaciones / James A. Tompkins, [et...al.] |
| 250 ## - MENCIÓN DE EDICIÓN | |
| Mención de edición | 4 |
| 260 ## - PUBLICACIÓN, DISTRIBUCIÓN, ETC. (PIE DE IMPRENTA) | |
| Lugar de publicación, distribución, etc. | México: Cengage Learning |
| 300 ## - DESCRIPCIÓN FÍSICA | |
| Extensión | x, 853 p. / 27 cm. |
| 650 ## - ASIENTO SECUNDARIO DE MATERIA - TERMINO TEMÁTICO | |
| Término temático o nombre geográfico como elemento de entrada | 1. ADMINISTRACIÓN DE LA PRODUCCIÓN / 2. FABRICAS-DISEÑO Y CONSTRUCCIÓN / 3. ADMINISTRACIÓN INDUSTRIAL |
| 700 ## - ASIENTO SECUNDARIO - NOMBRE PERSONAL | |
| Nombre personal | I. White, John, A., Coaut. \ II. Bozer, Yavuz, A., Coaut. \ III. Tanchoco, J.M.A. Coaut. |
| No. biblioteca | No. biblioteca | Número de clasificación | Código de barras/Número de adquisición | Número de copia | Tipo de material |
|---|---|---|---|---|---|
| ÁREA DE ELECTROMECÁNICA | ÁREA DE ELECTROMECÁNICA | 658.5 T662p 2011 | 52615 | 5 | Libros |
| ÁREA DE ELECTROMECÁNICA | ÁREA DE ELECTROMECÁNICA | 658.5 T662p 2011 | 52611 | 1 | Libros |
| ÁREA DE ELECTROMECÁNICA | ÁREA DE ELECTROMECÁNICA | 658.5 T662p 2011 | 52612 | 2 | Libros |
| ÁREA DE ELECTROMECÁNICA | ÁREA DE ELECTROMECÁNICA | 658.5 T662p 2011 | 52613 | 3 | Libros |
| ÁREA DE ELECTROMECÁNICA | ÁREA DE ELECTROMECÁNICA | 658.5 T662p 2011 | 52614 | 4 | Libros |
